Your phone, my mast (Record no. 121858)

MARC details
000 -LEADER
fixed length control field 00721nam a22002057a 4500
008 - FIXED-LENGTH DATA ELEMENTS--GENERAL INFORMATION
fixed length control field 240318s2023 xxk|||||r|||| 00| 0aeng d
020 ## - INTERNATIONAL STANDARD BOOK NUMBER
ISBN 9798392668809
041 ## - LANGUAGE CODE
Language code of text/sound track or separate title eng
082 ## - DEWEY DECIMAL CLASSIFICATION NUMBER
Classification number 920 ROE
100 ## - MAIN ENTRY--PERSONAL NAME
Personal author Roebuck, David
245 ## - TITLE STATEMENT
Title Your phone, my mast
Subtitle twenty five years in the telecoms cast
260 ## - PUBLICATION INFORMATION
Publisher Independently published,
Date 2023
300 ## - PHYSICAL DESCRIPTION
Physical description 66p.
520 ## - ABSTRACT
Abstract Reflection of twenty five years in the rapidly changing world of telecoms, the highs and lows, the amusing to the ridiculous, from the early days of a brighter future to the reality of 5G, AI and beyond.
650 ## - KEYWORDS
Keywords BIOGRAPHY
650 ## - KEYWORDS
Keywords TELECOMMUNICATIONS
651 ## - SUBJECT ADDED ENTRY--GEOGRAPHIC NAME
Geographic name United Kingdom
700 ## - ADDED PERSONAL NAME
Added personal author Roebuck, David
942 ## - ADDED ENTRY ELEMENTS (KOHA)
Suppress in OPAC Do not suppress in OPAC
Holdings
Lost status Source of classification or shelving scheme Damaged status Not for loan Home library Current library Shelving location Date acquired Source of acquisition Total Checkouts Full call number Date last seen Price effective from Koha item type
  Dewey Decimal Classification     London London Books 18/03/2024 Donated   920 ROE 18/03/2024 18/03/2024 Book